LEADER 03827nam 2200577 450 001 9910822837803321 005 20230808193654.0 010 $a90-04-31635-3 024 7 $a10.1163/9789004316355 035 $a(CKB)3710000000730276 035 $a(SSID)ssj0001681235 035 $a(PQKBManifestationID)16432506 035 $a(PQKBTitleCode)TC0001681235 035 $a(PQKBWorkID)14965861 035 $a(PQKB)11366785 035 $a(PQKBManifestationID)16507559 035 $a(PQKB)23705426 035 $a(MiAaPQ)EBC4561832 035 $a(OCoLC)946610533 035 $a(nllekb)BRILL9789004316355 035 $a(EXLCZ)993710000000730276 100 $a20160809h20162016 uy 0 101 0 $aeng 135 $aurcnu|||||||| 181 $ctxt 182 $cc 183 $acr 200 02$aA companion to the Swiss Reformation /$fedited by Amy Nelson Burnett and Emidio Campi ; contributors Irena Backus [and thirteen others] 210 1$aLeiden, Netherlands ;$aBoston, [Massachusetts] :$cBrill,$d2016. 210 4$d©2016 215 $a1 online resource (681 pages) $cillustrations, maps 225 1 $aBrill's Companions to the Christian Tradition,$x1871-6377 ;$vVolume 72 300 $aIncludes index. 311 $a90-04-30102-X 320 $aIncludes bibliographical references and index. 327 $tPreliminary Material /$rAmy Nelson Burnett and Emidio Campi -- $tIntroduction /$rAmy Nelson Burnett and Emidio Campi -- $tThe Swiss Confederation Before the Reformation /$rRegula Schmid -- $tThe Reformation in Zurich /$rEmidio Campi -- $tThe Reformation in Bern /$rMartin Sallmann -- $tThe Reformation in Basel /$rAmy Nelson Burnett -- $tThe Reformation in Schaffhausen /$rErich Bryner -- $tThe Reformation in St. Gallen and Appenzell /$rErich Bryner -- $tFailed Reformations /$rSundar Henny -- $tThe Reformation in the Three Leagues (Grisons) /$rJan-Andrea Bernhard -- $tFrancophone Territories Allied to the Swiss Confederation /$rMichael W. Bruening -- $tThe Swiss Anabaptists /$rAndrea Strübind -- $tTheological Profile /$rEmidio Campi -- $tPolity and Worship in the Swiss Reformed Churches /$rBruce Gordon -- $tSchools and Education, 1500?1600 /$rKarin Maag -- $tSwiss Society: Family, Gender, and the Poor /$rKaspar von Greyerz -- $tReformation Culture /$rIrena Backus -- $tReligious Stalemate and Confessional Alignments: Dynamics and Stagnation in the Confederation from 1531 to 1618 /$rThomas Maissen -- $tIndex /$rAmy Nelson Burnett and Emidio Campi. 330 $aA Companion to the Swiss Reformation describes the course of the Protestant Reformation in the Swiss Confederation over the course of the sixteenth century. Its essays examine the successes as well as the failures of the reformation movement, considering not only the institutional churches but also the spread of Anabaptism. The volume highlights the different form that the Reformation took among the members of the Confederation and its allied territories, and it describes the political, social and cultural consequences of the Reformation for the Confederation as a whole. Contributors are: Irena Backus, Jan-Andrea Bernhard, Amy Nelson Burnett, Michael W. Bruening, Erich Bryner, Emidio Campi, Bruce Gordon, Kaspar von Greyerz, Sundar Henny, Karin Maag, Thomas Maissen, Regula Schmid-Keeling, Martin Sallmann, and Andrea Strübind. 410 0$aBrill's companions to the Christian tradition ;$vVolume 72. 606 $aReformation$zSwitzerland 615 0$aReformation 676 $a274.94/06 702 $aBurnett$b Amy Nelson$f1957- 702 $aCampi$b Emidio 702 $aBackus$b Irena 801 0$bMiAaPQ 801 1$bMiAaPQ 801 2$bMiAaPQ 906 $aBOOK 912 $a9910822837803321 996 $aA companion to the Swiss Reformation$93958539 997 $aUNINA LEADER 05458oam 22014174 450 001 9910954670503321 005 20250426110921.0 010 $a9786613830807 010 $a9781462370986 010 $a1462370985 010 $a9781452751146 010 $a1452751145 010 $a9781283518352 010 $a128351835X 010 $a9781451909432 010 $a1451909438 035 $a(CKB)3360000000444004 035 $a(SSID)ssj0000943024 035 $a(PQKBManifestationID)11479821 035 $a(PQKBTitleCode)TC0000943024 035 $a(PQKBWorkID)10994194 035 $a(PQKB)11464462 035 $a(MiAaPQ)EBC3014524 035 $a(IMF)WPIEE2006230 035 $a(IMF)WPIEA2006230 035 $aWPIEA2006230 035 $a(EXLCZ)993360000000444004 100 $a20020129d2006 uf 0 101 0 $aeng 135 $aurcnu|||||||| 181 $ctxt 182 $cc 183 $acr 200 10$aProductivity Growth, Technological Convergence, RandD, Trade, and Labor Markets : $eEvidence From the French Manufacturing Sector /$fTehmina S. Khan 205 $a1st ed. 210 1$aWashington, D.C. :$cInternational Monetary Fund,$d2006. 215 $a1 online resource (38 pages) 225 1 $aIMF Working Papers 300 $aBibliographic Level Mode of Issuance: Monograph 311 08$a9781451864908 311 08$a1451864906 327 $aIntro -- Contents -- I. INTRODUCTION -- II. THEORETICAL LITERATURE AND EMPIRICAL EVIDENCE -- III. THEORETICAL MODEL -- IV. DATA SOURCES AND VARIABLE CONSTRUCTION -- V. ESTIMATION METHODOLOGY AND RESULTS -- VI. CONCLUSIONS -- APPENDIXES. 330 3 $aTotal factor productivity (TFP) of 14 manufacturing sectors in France has kept up with that of the United States during 1980-2002 and remained well above that of the United Kingdom. Estimates using a dynamic panel equilibrium correction model indicate that sectors further behind the technological frontier experience faster productivity growth and that spending on research and development and trade with technologically advanced economies positively influences TFP growth, but not the speed of convergence. Conversely, TFP growth is negatively related to some key labor market variables, namely the replacement ratio and the ratio of the minimum wage to the median wage. 410 0$aIMF Working Papers; Working Paper ;$vNo. 2006/230 606 $aBusiness & Economics$2HILCC 606 $aEconomic History$2HILCC 606 $aLabor$2imf 606 $aInformation Management$2imf 606 $aProduction and Operations Management$2imf 606 $aInnovation$2imf 606 $aResearch and Development$2imf 606 $aTechnological Change$2imf 606 $aIntellectual Property Rights: General$2imf 606 $aMeasurement of Economic Growth$2imf 606 $aAggregate Productivity$2imf 606 $aCross-Country Output Convergence$2imf 606 $aComparative Studies of Countries$2imf 606 $aProduction$2imf 606 $aCost$2imf 606 $aCapital and Total Factor Productivity$2imf 606 $aCapacity$2imf 606 $aMacroeconomics: Production$2imf 606 $aDemand and Supply of Labor: General$2imf 606 $aTechnological Change: Choices and Consequences$2imf 606 $aDiffusion Processes$2imf 606 $aMacroeconomics$2imf 606 $aLabour$2imf 606 $aincome economics$2imf 606 $aKnowledge management$2imf 606 $aTotal factor productivity$2imf 606 $aProductivity$2imf 606 $aLabor markets$2imf 606 $aTechnology transfer$2imf 606 $aCapacity utilization$2imf 606 $aTechnology$2imf 606 $aIndustrial productivity$2imf 606 $aLabor market$2imf 606 $aIndustrial capacity$2imf 606 $aIncome economics$2imf 607 $aUnited States$2imf 615 7$aBusiness & Economics 615 7$aEconomic History 615 7$aLabor 615 7$aInformation Management 615 7$aProduction and Operations Management 615 7$aInnovation 615 7$aResearch and Development 615 7$aTechnological Change 615 7$aIntellectual Property Rights: General 615 7$aMeasurement of Economic Growth 615 7$aAggregate Productivity 615 7$aCross-Country Output Convergence 615 7$aComparative Studies of Countries 615 7$aProduction 615 7$aCost 615 7$aCapital and Total Factor Productivity 615 7$aCapacity 615 7$aMacroeconomics: Production 615 7$aDemand and Supply of Labor: General 615 7$aTechnological Change: Choices and Consequences 615 7$aDiffusion Processes 615 7$aMacroeconomics 615 7$aLabour 615 7$aincome economics 615 7$aKnowledge management 615 7$aTotal factor productivity 615 7$aProductivity 615 7$aLabor markets 615 7$aTechnology transfer 615 7$aCapacity utilization 615 7$aTechnology 615 7$aIndustrial productivity 615 7$aLabor market 615 7$aIndustrial capacity 615 7$aIncome economics 700 $aKhan$b Tehmina S$01815809 801 0$bDcWaIMF 906 $aBOOK 912 $a9910954670503321 996 $aProductivity Growth, Technological Convergence, RandD, Trade, and Labor Markets$94371333 997 $aUNINA LEADER 02938oam 2200601 c 450 001 9910563007803321 005 20250121110033.0 024 7 $a10.3726/b13567 035 $a(CKB)5450000000173891 035 $a(oapen)https://directory.doabooks.org/handle/20.500.12854/28567 035 $a(PH02)9783631750070 035 $a(MiAaPQ)EBC31850405 035 $a(oapen)doab28567 035 $a(EXLCZ)995450000000173891 100 $a20240525h20181998 uy 0 101 0 $ager 135 $aurnnunnnannuu 181 $ctxt$2rdacontent 182 $cc$2rdamedia 183 $acr$2rdacarrier 200 00$aStandardisierung zwischen Kooperation und Wettbewerb$eEine spieltheoretische Betrachtung$fRolf Hasse, Jens Kleinemeyer 205 $a1st, New ed. 210 $aFrankfurt a.M$cPH02$d2018 210 $d2018, c1998 215 $a1 online resource (406 p.)$c, EPDF 225 0 $aSchriften zur Wirtschaftstheorie und Wirtschaftspolitik$v10 300 $aPeter Lang GmbH, Internationaler Verlag der Wissenschaften 311 08$a9783631750070 311 08$a3631750072 327 $aAus dem Inhalt: Standards: Grundlagen und Definitionen - Funktionen und Aufbau standardsetzender Organisationen - Unterschiedliche Institutionen der Standardisierung - Die rechtliche Dimension der Standardisierung - Vergleichende Analyse der Standardisierungsmechanismen - Zusammenfassung und Ausblick. 330 $aObwohl die Bedeutung von Standards fu?r die Funktionsfa?higkeit einer Wirtschaft unbestritten ist, fand der Prozeß der Standardisierung bisher wenig Beachtung. Die vorliegende Arbeit ru?ckt verschiedene Mechanismen zur Produktion von Standards in den Vordergrund. Dabei werden unterschiedliche rechtliche und organisatorische Rahmenbedingungen vorgestellt und diskutiert. Diese Rahmenbedingungen haben ihrerseits Auswirkungen auf das Verhalten von Unternehmen, die kooperieren oder konkurrieren ko?nnen. Zum rechtlichen Rahmen geho?ren: die Verbindlichkeit von Standards, die kartellrechtliche Behandlung von Standardisierungskomitees und der Umfang gewerblicher Schutzrechte. Mittels eines spieltheoretischen Ansatzes wird das Verhalten der Unternehmen in den verschiedenen Szenarien modelliert. 606 $aEconomics$2bicssc 606 $aMechanical engineering & materials$2bicssc 610 $aBetrachtung 610 $aEine 610 $aKleinemeyer 610 $aKooperation 610 $aspieltheoretische 610 $aStandardisierung 610 $aWETTB 610 $aWettbewerb 610 $azwischen 615 7$aEconomics 615 7$aMechanical engineering & materials 700 $aKleinemeyer$b Jens$4auth$01326731 702 $aHasse$b Rolf$4edt 702 $aKleinemeyer$b Jens$4aut 801 0$bPH02 801 1$bPH02 906 $aBOOK 912 $a9910563007803321 996 $aStandardisierung zwischen Kooperation und Wettbewerb$93037735 997 $aUNINA